00397nam a2200157Ia 4500008004100000020001800041082001400059100003000073245001700103250000700120260003200127300003100159500001900190600001500209650001500224240925s9999 xx 000 0 und d a9783319948171 a652.8 RUB aSalzedo, Simon Rubinstein 0aCryptography aNA aNew York:bSpringerc,2018. aVarious pagesb0fOriginal aIncludes Index aManagement aManagement